000 00580nam a2200229Ia 4500
003 OSt
005 20220918202039.0
006 a|||||r|||| 00| 0
007 ta
008 220917b |||||||| |||| 00| 0 eng d
024 _a98,359
037 _cTextual
040 _aARTS
_cARTS
_beng
041 _2eng
_aeng
082 _aV2:190245:N14-M58, L4
100 _aTyagi S
_9101952
245 0 _aIndo Nepalese relations 1858-1914
260 _c1974
650 _aHISTORY
942 _hV2:190245:N14-M58, L4
_cTEXL
_2CC
999 _c221951
_d221951